ABC of Eyes / (Record no. 1807)

MARC details
000 -LEADER
fixed length control field 00561nam a22002177a 4500
003 - CONTROL NUMBER IDENTIFIER
control field OSt
005 - DATE AND TIME OF LATEST TRANSACTION
control field 20150520174710.0
008 - FIXED-LENGTH DATA ELEMENTS--GENERAL INFORMATION
fixed length control field 150520b xxu||||| |||| 00| 0 eng d
020 ## - INTERNATIONAL STANDARD BOOK NUMBER
International Standard Book Number 0727912623
040 ## - CATALOGING SOURCE
Transcribing agency DLC
082 ## - DEWEY DECIMAL CLASSIFICATION NUMBER
Classification number WW 140 K47a 1999
100 ## - MAIN ENTRY--PERSONAL NAME
Personal name Khaw P T
9 (RLIN) 4760
245 ## - TITLE STATEMENT
Title ABC of Eyes /
Statement of responsibility, etc. P T Khaw, A R Elkington
250 ## - EDITION STATEMENT
Edition statement 3rd ed.
260 ## - PUBLICATION, DISTRIBUTION, ETC. (IMPRINT)
Place of publication, distribution, etc. London:
Name of publisher, distributor, etc. BMJ Publishing Group;
Date of publication, distribution, etc. 1999.
300 ## - PHYSICAL DESCRIPTION
Extent 61 p:
Other physical details co.ill
Dimensions 29 cm
504 ## - BIBLIOGRAPHY, ETC. NOTE
Bibliography, etc Includes index
650 ## - SUBJECT ADDED ENTRY--TOPICAL TERM
Topical term or geographic name as entry element ABC of the eye
9 (RLIN) 4761
700 ## - ADDED ENTRY--PERSONAL NAME
Personal name Elkington A R
9 (RLIN) 4762
942 ## - ADDED ENTRY ELEMENTS (KOHA)
Source of classification or shelving scheme Other/Generic Classification Scheme
Koha item type Short Loan
Holdings
Withdrawn status Lost status Source of classification or shelving scheme Damaged status Not for loan Home library Current library Date acquired Source of acquisition Inventory number Total Checkouts Full call number Barcode Date last seen Price effective from Koha item type
    Other/Generic Classification Scheme     MUST Main Library MUST Main Library 20/05/2015   2003/18741   WW 140 K47a 1999 2015-1496 20/05/2015 20/05/2015 Short Loan